[Event "Hessen-ch U14"]
[Site "Bad Homburg"]
[Date "2012.??.??"]
[Round "4"]
[White "Komorek, Oliver"]
[Black "Hennemann, Florian"]
[Result "1-0"]
[WhiteElo "1077"]
[BlackElo "929"]
[PlyCount "75"]
[EventDate "2012.04.??"]
[EventType "swiss"]
[EventRounds "9"]
[EventCountry "GER"]
[SourceTitle "EXT 2015"]
[Source "ChessBase"]
[SourceDate "2014.11.20"]
[SourceVersion "1"]
[SourceVersionDate "2014.11.20"]
[SourceQuality "1"]

1. e4 e5 2. Nf3 Nc6 3. Bc4 Bc5 4. c3 Nf6 5. d4 exd4 6. e5 d5 7. Bb5 Nd7 8. cxd4 Bb4+ 9. Bd2 0-0 10. Bxc6 Bxd2+ 11. Nbxd2 bxc6 12. Qc2 Bb7 13. 0-0 Re8 14. Rfe1 f6 15. Qf5 Bc8 16. Qf4 Re6 17. Re2 Qe7 18. Rae1 Rb8 19. b3 Rb4 20. exf6 Qxf6 21. Qxc7 Rxe2 22. Qxc8+ Nf8 23. Rxe2 Rxd4 24. Nxd4 Qxd4 25. h3 g6 26. Qxc6 Qd3 27. Re5 Qxd2 28. Qxd5+ Qxd5 29. Rxd5 Kf7 30. Ra5 Ke6 31. Rxa7 Kd5 32. Rc7 Kd6 33. Rc2 Ne6 34. a4 Nc5 35. Rxc5 Kxc5 36. a5 Kb5 37. b4 Ka6 38. Kh2 1-0